000 00373nam a2200133Ia 4500
008 151001s9999||||xx |||||||||||||| ||und||
100 _aवि वि गोखले
245 _aअध्यात्म कथा कलश
250 _a1
260 _bअंजली प्रकाशन पुणे
260 _c1990
300 _a187
365 _b18
999 _c968410
_d968407